Bilecik Bilecik Bilecik Bilecik Bilecik

Elektrik ve magnetizma : (Record no. 797)

MARC details
000 -BAŞLIK
Sabit Uzunluktaki Kontrol Alanı 00831nam a22002777a 4500
001 - KONTROL NUMARASI
Control Dosyası 0000802
003 - KONTROL NUMARASI KİMLİĞİ
Kontrol Alanı KOHA_MİRAKIL
005 - EN SON İŞLEM TARİHİ ve ZAMANI
Kontrol Alanı 20260207001220.0
007 - FİZİKSEL TANIM SABİT ALAN - GENEL BİLGİ
Sabit uzunluklu kontrol alanı ta
008 - SABİT UZUNLUKTAKİ VERİ ÖGELERİ - GENEL BİLGİ
Sabit Alan 110322b tu |||gr||||#||||0|tur |
020 ## - ISBN - ULUSLARARASI STANDART KİTAP NUMARASI
Isbn 9755560068
Kullanılabilirlik koşulları YTL23,29
040 ## - KATALOGLAMA KAYNAĞI
Özgün Kataloglama Kurumu TR-BiSEU
Kataloglama Dili tur
Çeviri Kurumu TR-BiSEU
Açıklama Kuralları rda
041 0# - DİL KODU
Metin ya da ses kaydının dil kodu tur
044 ## - YAYINLAYAN/ÜRETEN KURULUŞUN ÜLKE KODU
ISO country code tu
050 ## - SINIFLAMA ve YER NUMARASI
Sınıflama Numarası QC522
Yer Numarası .P87 [t.y.]
100 1# - KİŞİ ADI
Yazar Adı (Kişi adı) Purcell, Edward M..
245 1# - ESER ADI BİLDİRİMİ
Başlık Elektrik ve magnetizma :
Alt Eseradı vb. Berkeley fizik dersleri/
Sorumluluk Bildirimi Edward M. Purcell ; Edward M. Purcell; çevirenlerTahsin Nuri Durlu, Yalçın Elerman.
264 #1 - ÜRERİM, YAYIN, DAĞITIM ve TELİF BİLDİRİMİ
Yayın yeri Ankara :
Yayınlayan Bilim Yayınları
Yayın tarihi [t.y.]
300 ## - FİZİKSEL TANIMLAMA
Sayfa, Cilt vb. c.
336 ## - İÇERİK TÜRÜ
Content type term metin
Content type code txt
Source rdacontent
337 ## - MEDYA TÜRÜ
Media type term aracısız
Media type code n
Source rdamedia
338 ## - TAŞIYICI TÜRÜ
Carrier type term cilt
Carrier type code nc
Source rdacarrier
500 ## - GENEL NOT
Genel Not Dizin var.
650 #0 - KONU BAŞLIĞI EK GİRİŞ - KONU TERİMİ
Konusal terim veya coğrafi ad Elektrik--Magnetizma.
9 (RLIN) 3333
942 ## - EK GİRİŞ ÖGELERİ (KOHA)
Source of classification or shelving scheme Library of Congress Classification
Koha item type Book
Holdings
Materyal Türü Kalıcı Konum Mevcut Konum Raf Yeri Sınıflandırma Kaynağı Edinim Bilgisi Ana Konular Alt Konular Yer Numarası Cilt Bilgisi Demirbaş Numarası Fatura Tarihi Maliyet, Alış Fiyatı Maliyet, Yenileme Fiyatı Geri Çekilme Durumu Kayıp Durumu Hasarlı Durumu Kredi için değil Kayıt Tarih Toplam Ödünçverme Son Görülme Tarihi Son Kontrol Tarihi Genel / Bağış Notu
Book Prof. Dr. Azmi Özcan Kütüphanesi Prof. Dr. Azmi Özcan Kütüphanesi Birûni Salonu Library of Congress Classification Satın BİLİM Fizik QC522 .P87 [t.y.] c.2 0000802 12/12/2008 25.15 25.15         12/12/2008 4 05/12/2024 05/12/2024  
Book Prof. Dr. Azmi Özcan Kütüphanesi Prof. Dr. Azmi Özcan Kütüphanesi Birûni Salonu Library of Congress Classification Satın BİLİM Fizik QC522 .P87 [t.y.] c.2 0000986 12/12/2008 25.15 25.15         12/12/2008 4 05/12/2024 05/12/2024  
Book Prof. Dr. Azmi Özcan Kütüphanesi Prof. Dr. Azmi Özcan Kütüphanesi Birûni Salonu Library of Congress Classification Bağış BİLİM Fizik QC522 .P87 [t.y.] c.2 0028766 02/02/2026 3.00 3.00         22/03/2011 1 05/12/2024 05/12/2024 Genel Bağış